Freefall : America, free markets and the sinking of the world economy.
| Main Author: | |
|---|---|
| Format: | Book |
| Published: |
New York:
W.W. Norton,
2010.
|
| Subjects: |
| LEADER | 00491cam a2200157 7i4500 | ||
|---|---|---|---|
| 001 | 0000024868 | ||
| 005 | 20100726090000.0 | ||
| 020 | 0 | 0 | |a 978-0-393-07596-0 |
| 090 | 0 | 0 | |a B 332.042 |b STI |
| 100 | 1 | 0 | |a Stiglitz |
| 245 | 1 | 0 | |a Freefall : |b America, free markets and the sinking of the world economy. |
| 260 | 0 | 0 | |a New York: |b W.W. Norton, |c 2010. |
| 300 | # | # | |a 361 p. |
| 650 | 0 | 0 | |a Global -- |x Financial -- |x Crisis |
| 650 | 0 | 0 | |a Open market operations |
| 999 | |a B000027472 |b Book |c Book |e Business Information Centre | ||


